Countries in Asia by Historic Empires - Statistics

General Stats
  • This quiz has been taken 119 times
  • The average score is 23 of 48
Answers on the Map
Answers color-coded by a green-red scale on the quiz's map according to % correct below.
 
Answer Stats
Answer % Correct
Japanese Empire
84%
Mongol Empire
74%
Philippines
72%
Siam
71%
Khmer Empire
69%
Kingdom of Singapura
66%
East Timor
65%
Ottoman Empire
65%
Bhutan
63%
Bruneian Sultanate
62%
Kazakh Khanate
62%
Qing Dynasty
62%
Kingdom of Bengal
60%
Kingdom of Israel (Solomon's Empire)
60%
Persian Empire
60%
United Arab Emirates
60%
Kingdom of Cyprus
59%
Nguyễn Dynasty
59%
Republic of China
59%
Maldives Sultanate
57%
Bahrain
56%
Kingdom of Armenia
56%
Omani Empire
56%
Kingdom of Georgia
54%
Sheikhdom of Kuwait
54%
Assyrian Empire
49%
Kyrgyz Khanagate
49%
Tajikistan
49%
Goguryeo Dynasty
47%
Joseon Dynasty
47%
Umayyad Caliphate
47%
Majapahit Empire
44%
Maurya Empire
44%
Phoenician Empire
40%
Baluchistan
38%
Kingdom of Kandy
35%
Lan Xang
35%
Gorkha Empire
31%
Timurids Empire
29%
Srivijaya Empire
28%
Rasulid Dynaty
22%
Toungoo Empire
22%
Qara Qoyunlu
19%
Ghurid Empire
16%
Nabatean Kingdom
16%
Qarmatians
15%
Seljuk Empire
15%
Seleucid Empire
10%
No matching quizzes found
Score Distribution
Percent of People with Each Score
Percentile by Number Answered
Your Score History
You have not taken this quiz